Statistics for Percy Jackson and the Olympians Books

Click here to take the quiz!

General Stats

  • This quiz has been taken 206 times
  • The average score is 4 of 5

Answer Stats

Hint Answer % Correct
1The Lightning Thief
98%
2The Sea of Monsters
95%
3The Titan's Curse
89%
5The Last Olympian
82%
4The Battle of The Labyrinth
78%

Score Distribution

Percentile by Number Answered

Percent of People with Each Score

Your Score History

You have not taken this quiz